[Event "FIDE Candidates 2026"]
[Site "Pegeia, Cyprus"]
[Date "2026.04.05"]
[Round "6.4"]
[White "Praggnanandhaa R"]
[Black "Caruana, Fabiano"]
[Result "1/2-1/2"]
[WhiteElo "2741"]
[BlackElo "2795"]
[Annotator "Crowther,Mark"]
[PlyCount "75"]
[EventDate "2026.??.??"]
[TimeControl "40/7200:1800+30"]

{[%evp 0,75,22,23,15,-3,34,31,34,23,27,5,11,-45,36,-9,66,83,51,55,68,68,66,42,82,24,50,40,45,45,26,22,22,33,33,33,21,12,18,18,21,20,19,8,-1,-1,-5,0,-1,0,1,-15,34,-29,-7,-36,0,0,40,-22,-23,-23,-51,-42,-42,-38,-51,-58,-53,-16,-14,-16,-16,-16,-16,-16,-16,-16]} 1. d4 d5 2. c4 c6 3. Nf3 Nf6 4. Nc3 dxc4 5. a4 Bf5 6. Ne5 Qc7 $5 {Already a very rare move.} (6... Nbd7 {is vastly more common.} 7. Nxc4 Qc7 8. g3 e5 9. dxe5 Nxe5 10. Bf4 Nfd7 11. h4 f6 12. Qc1 Be6 13. Nxe5 Nxe5 14. a5 a6 15. Ra4 O-O-O 16. Bh3 Bxh3 17. Rxh3 Qd7 18. Rh1 Bd6 19. Kf1 h5 20. Kg2 Ng4 21. Rd1 Bxf4 22. Qxf4 Qe6 23. Rad4 Rxd4 24. Rxd4 Qe5 25. b4 Re8 26. Qd2 f5 27. Na4 Nf6 28. Nb6+ Kc7 29. e3 Qe7 30. Qd3 g6 31. Qc4 Rd8 32. Rxd8 Kxd8 33. Qf4 Qe4+ 34. Qxe4 fxe4 35. f3 Ke7 36. fxe4 {1-0 Maghsoodloo,P (2691)-Nakamura,H (2804) Titled Tuesday intern op 01st Jul Late Chess.com INT blitz 2025 (7)}) 7. Nxc4 Na6 {Caruana blitzes out a bold new idea.} 8. f3 Rd8 9. e4 Be6 10. Ne5 ({RR} 10. Be3 Nb4 11. Nd2 a5 12. Be2 g6 13. O-O Bg7 14. Bc4 Bxc4 15. Nxc4 O-O 16. Qb3 Nh5 17. e5 g5 18. Rad1 Nf4 19. Kh1 Ne6 20. Ne4 h6 21. Bf2 Rd7 22. Nb6 Rdd8 23. Nc4 Rd7 24. Nb6 Rdd8 {Vlasak,L (2440)-Bauer,T (2172) Germany GER 2026 ½-½}) 10... Nb4 11. Be3 a5 {[#]} 12. Bc4 $146 ({RR} 12. Rc1 g6 13. f4 Bg7 14. Be2 O-O 15. O-O Nd7 16. Nf3 Nc5 17. d5 b6 18. dxe6 Rxd1 19. exf7+ Kh8 20. Rcxd1 Nc2 21. Bxc5 bxc5 22. Ng5 Ne3 23. Ne6 Qc8 24. Nxf8 Qxf8 25. e5 {½-½ Kaufman,D (2447)-Atalik,S (2438) Pozarevac Rudar GM 08 2025 (6) ½-½ (25) Akhmedov,D (2447)-Atalik,S (2438) Pozarevac SRB 2025}) (12. Qd2) 12... Nd7 13. Bxe6 Nxe5 $1 14. O-O $1 {Praggnanandhaa had to dig deep, but he found all the best moves—what a position $1} fxe6 15. Bf4 $1 {Strictly the only move, pinning the knight.} Nbd3 $1 {Again the only move—now the tension recedes.} 16. Qxd3 $1 Nxd3 17. Bxc7 Rxd4 18. Rfd1 Rd7 19. Bxa5 {And as Caruana lamented—a fighting opening has resolved into a drawish endgame.} g6 20. Ne2 Bg7 21. Bc3 Bxc3 22. Nxc3 Kf7 23. a5 Rhd8 24. a6 bxa6 25. Rxa6 Rd6 26. h4 Rb8 27. Rd2 h6 28. Nd1 g5 29. h5 Ne5 30. Rxd6 exd6 $11 31. Ra7+ Kf8 32. Kf1 (32. Rh7 $2 Nf7 33. Kf2 Kg8 34. Rxf7 Kxf7 $19) 32... d5 33. exd5 cxd5 34. Ra6 Ke7 35. Ra7+ Kf8 36. Ra6 Ke7 37. Ra7+ Kf8 38. Ra6 {A very well-played game, though as Caruana pointed out, neither play was ever in great danger.} 1/2-1/2

[Event "FIDE Candidates 2026"]
[Site "Pegeia, Cyprus"]
[Date "2026.04.04"]
[Round "7.1"]
[White "Caruana, Fabiano"]
[Black "Esipenko, Andrey"]
[Result "1/2-1/2"]
[WhiteElo "2795"]
[BlackElo "2698"]
[Annotator "Mark Crowther"]
[PlyCount "92"]
[EventDate "2026.??.??"]
[TimeControl "40/7200:1800+30"]

{[%evp 0,92,22,20,18,6,7,-40,-31,-30,-10,-49,5,-22,1,-11,-16,-3,1,-26,-8,-62,-28,-20,-7,-23,-1,4,47,50,28,-17,3,3,17,7,2,2,11,-17,7,7,-8,12,14,18,17,27,-1,25,24,47,52,30,45,37,38,27,21,29,27,29,34,9,34,22,30,11,5,11,0,13,0,0,0,0,0,-50,-53,-47,0,0,0,0,0,-22,-19,-20,-20,-20,-38,-50,-64,-28,-18]} 1. Nf3 d5 2. c4 e6 3. g3 Nf6 4. Bg2 Be7 5. O-O O-O 6. b3 c5 7. Bb2 Nc6 8. e3 b6 9. Qe2 Bb7 10. Rd1 {Up to this point Caruana had used less than two minutes on his clock, but the next move sends him into a deep think.} Qd7 $5 {This move is rare compared to A14: English Opening: 1...e6 with b3 by White.} (10... Qc7 {but it's notable it was once played by Mikhail Tal against another legend, Ulf Andersson.}) 11. d4 $1 {Caruana reacts well, but the position nevertheless fizzles out.} cxd4 12. Nxd4 Nxd4 13. Bxd4 Qc8 $146 ({Predecessor: RR} 13... Qc7 14. cxd5 Bxd5 15. e4 Bc6 16. Nc3 e5 17. Be3 Rad8 18. Rxd8 Rxd8 19. Rd1 Rxd1+ 20. Qxd1 {½-½ Asadli,V (2572)-Gadimbayli,A (2470) AZE-ch Prelim 75th Nakhchivan 2021 (8)} Qd6 21. f3 Qxd1+ 22. Nxd1 Bb4 23. Kf2 Kf8 24. Bf1 Nd7 25. Bc4 Ke7 26. Ke2 Nf8 27. Bd2 Bxd2 28. Kxd2 {Asadli,V (2572)-Gadimbayli,A (2470) Nakhchivan 2021 ½-½ (37)}) 14. cxd5 Bxd5 15. Nc3 (15. e4 {may have been a try.}) 15... Bxg2 16. Kxg2 Qb7+ 17. Qf3 Qxf3+ 18. Kxf3 Rfc8 19. Rd3 Nd7 20. Rdd1 f6 21. Nb5 a6 22. Bb2 axb5 23. Rxd7 Bf8 24. Bd4 b4 25. Bxb6 {White wins a pawn, but the b4-pawn kills the white queenside, so that the extra pawn isn't felt at all.} Ra6 26. Bd8 Rd6 27. Rxd6 Bxd6 $11 28. Bb6 Rc6 29. Ba7 Rc2 30. Bd4 e5 31. Ba7 Kf7 32. e4 Ke6 33. g4 g6 34. Be3 Be7 35. h3 f5 36. gxf5+ gxf5 37. Rc1 {The only way the rook can move is to give up a pawn, and things soon liquidate to a draw.} Rxa2 38. Rc6+ Kd7 39. Rc4 fxe4+ 40. Kxe4 Rb2 41. Kxe5 Rxb3 42. Kd5 Ra3 43. Re4 Ra5+ 44. Kc4 Rh5 45. Bd2 Rxh3 46. Bxb4 Bxb4 1/2-1/2

[Event "FIDE Candidates 2026"]
[Site "Pegeia, Cyprus"]
[Date "2026.04.04"]
[Round "7.2"]
[White "Nakamura, Hikaru"]
[Black "Praggnanandhaa R"]
[Result "1/2-1/2"]
[WhiteElo "2810"]
[BlackElo "2741"]
[Annotator "Mark Crowther"]
[PlyCount "46"]
[EventDate "2026.??.??"]
[TimeControl "40/7200:1800+30"]

{[%evp 0,46,22,23,29,6,4,4,4,4,36,26,25,13,18,14,29,5,21,12,16,17,17,24,45,12,18,11,11,9,16,8,16,-6,1,1,1,4,16,-24,5,-15,-1,-1,10,-13,10,10,-2]} 1. d4 Nf6 2. c4 e6 3. Nc3 Bb4 4. e3 b6 5. Nge2 c5 6. a3 Ba5 7. Bd2 O-O 8. d5 exd5 {E42: Nimzo-Indian: Rubinstein: 4...c5 5 Ne2.} 9. Nxd5 Nxd5 {The position is equal.} 10. cxd5 {[#]} Bxd2+ 11. Qxd2 Ba6 12. Ng3 Bxf1 13. Kxf1 $146 {We've got an interesting position where White's awkward king potentially gives hope to Black.} ({Predecessor: RR} 13. Nxf1 d6 14. Ng3 Nd7 15. O-O f5 16. Rae1 b5 17. f4 c4 18. e4 fxe4 19. Nxe4 {0-1 Kasparov,S (2462)-Rotstein,A (2557) San Martino di Castrozza op 3rd 2002 (6)} Qb6+ 20. Kh1 Rae8 21. h3 h6 22. Ng3 Nc5 23. f5 Rxe1 24. Rxe1 Nd3 25. Re7 Qd4 26. Qc3 Nf2+ 27. Kh2 Qxc3 {Kasparov,S (2462)-Rotstein,A (2557) San Martino di Castrozza 2002 0-1 (53)}) 13... d6 14. h4 Nd7 15. e4 Qf6 16. Re1 g6 17. h5 Ne5 18. Rh3 b5 19. Kg1 c4 20. Qh6 {This is where the forcing play begins. [#]} (20. Rf1 {would have completed \"castling by hand\" for Nakamura, but it's an open question if White would want to play a position such as} Nd3 21. Qh6 Qg7 22. Qg5 Rae8 23. f4 f6 24. Qg4 f5 25. Qh4) 20... Ng4 21. Qd2 Ne5 22. Qh6 Ng4 23. Qd2 Ne5 {After serious thought, Praggnanandhaa takes the draw, putting him 2.5 points behind the leader.} (23... Rae8 {is certainly playable, but if anything the computer gives a slight edge for White.}) (23... h6 $2 {allows White to demonstrate ideas such as} 24. e5 $1 Nxe5 25. Ne4 $1 {with a big advantage.}) 1/2-1/2

[Event "FIDE Candidates 2026"]
[Site "Pegeia, Cyprus"]
[Date "2026.04.04"]
[Round "7.3"]
[White "Giri, Anish"]
[Black "Bluebaum, Matthias"]
[Result "1/2-1/2"]
[WhiteElo "2753"]
[BlackElo "2698"]
[Annotator "Mark Crowther"]
[PlyCount "168"]
[EventDate "2026.??.??"]

{[%evp 0,168,22,-15,6,4,4,-3,4,-23,-16,-54,-11,0,22,-13,-14,-13,1,0,-2,-33,5,7,1,21,18,4,-1,3,19,-1,10,-42,9,2,21,32,35,33,36,15,24,17,27,24,27,33,47,23,34,32,50,39,32,24,75,44,75,27,89,59,112,76,62,69,102,87,87,87,101,97,68,46,97,52,79,67,101,97,52,46,78,33,101,78,105,104,90,67,90,89,104,88,106,73,94,77,88,72,74,71,80,54,50,39,55,45,47,45,39,37,39,45,63,58,59,55,55,7,59,11,7,28,35,31,51,57,59,59,59,44,59,54,59,54,54,52,54,20,52,0,35,-11,-1,-18,-2,-2,20,-2,33,18,54,4,26,-6,14,0,-1,-14,-15,-8,17,-10,-9,-47,-1,0,-1,-21,0]} 1. c4 e6 2. Nc3 d5 3. d4 Nf6 4. cxd5 exd5 5. Bg5 c6 6. e3 Bf5 7. Qf3 Bg6 8. Bxf6 Qxf6 9. Qxf6 gxf6 10. h4 h5 11. Nge2 ({Relevant:} 11. Nh3 Nd7 12. Nf4 Bd6 13. g3 a5 14. Kd2 Nb6 15. b3 Kf8 16. Bd3 Kg7 17. Rhg1 Bxd3 18. Nxd3 f5 19. a3 Ra7 20. Rgb1 Rha8 21. Ra2 Kf6 22. Ke2 Ke7 23. Rbb2 Nd7 24. Kf3 Nf6 25. Ne2 Ne4 26. Nef4 Nf6 27. Rc2 Ra6 28. Nc5 R6a7 29. Rab2 Rc8 30. b4 b5 31. Ncd3 Rcc7 32. Rc1 Ra6 33. Rbc2 axb4 34. axb4 Ke8 35. Rb2 Kd8 36. Rc3 Kc8 37. Rbc2 Kb8 38. Rb2 Kc8 39. Rcc2 Rca7 40. Ne2 Nd7 {½-½ Sarana,A (2683)-Martinez Alcantara,J (2656) Shymkent 2026 (9)}) ({RR} 11. Rd1 Nd7 12. Bd3 Rg8 13. Nge2 Bd6 14. Kf1 Bxd3 15. Rxd3 f5 16. g3 Ke7 17. Kg2 Nf6 18. Rdd1 Ne4 19. Nc1 a5 20. N3e2 a4 21. Nd3 Ra5 22. Rc1 Rh8 23. Rc2 Rg8 24. Rb1 Rb5 25. Nef4 Nf6 {Caruana,F (2804)-Dominguez Perez,L (2749) Saint Louis USA 2024 1-0 (55)}) 11... Bd6 12. g3 Nd7 {The position is equal.} 13. Bg2 $146 {[#]} ({RR} 13. Nf4 Kf8 14. f3 Kg7 15. Kf2 Rhe8 16. Be2 Re7 17. Rhe1 Rae8 18. Bf1 Nf8 19. Bh3 Ne6 20. Ng2 Kh6 21. Rg1 Ng7 22. Rad1 Nf5 23. Bxf5 Bxf5 24. Nf4 Bg6 {0-1 (24) Liedl,W (2272)-Salamon,W (2130) Austria 2016}) ({RR} 13. Bh3 O-O-O 14. Nf4 Bxf4 15. exf4 f5 16. Rc1 Kb8 17. b4 Rhe8+ 18. Kd2 Nf6 19. f3 Re6 20. Rhe1 Ne8 21. Rxe6 fxe6 22. Re1 Bf7 23. g4 hxg4 24. fxg4 fxg4 25. Bxg4 Ng7 26. Re5 Rh8 27. Rg5 Ne8 {Nguyen Quang Anh (2031)-Ejsymont,B (1932) chess.com INT 2025 ½-½ (35)}) ({RR} 13. Nf4 Kf8 14. Be2 Kg7 15. Kd2 Nf8 16. Bd3 Bxf4 17. gxf4 Bxd3 18. Kxd3 f5 19. b4 a6 20. a4 Kf6 21. Rhg1 Ng6 22. Rg5 Nxh4 23. Rh1 Ng6 24. Rhxh5 Rxh5 25. Rxh5 Ne7 26. Rh6+ Ng6 27. a5 Kg7 {Shuvalova,P (2487)-Ju,W (2563) chess.com INT 2024 ½-½ (37)}) 13... Kf8 $146 ({Predecessor:} 13... a5 14. Bf3 Nb6 15. O-O-O a4 16. Nf4 Nc4 17. Nce2 Be7 18. Nxg6 fxg6 19. Nf4 Kf7 20. Be2 Nd6 21. Bd3 f5 22. Bc2 a3 23. b3 Nb5 24. Ne2 Bb4 25. Rdf1 Bc3 26. Bd3 Bb2+ 27. Kc2 Nd6 28. Nf4 Rae8 29. Re1 Ne4 30. Bxe4 Rxe4 31. Nd3 Rhe8 32. Ne5+ R4xe5 33. dxe5 Bxe5 34. Kd3 Bd6 35. Rc1 Re4 36. Ke2 Bb4 37. Rc2 Re8 38. f3 Re7 39. Kd3 Ba5 40. Re2 Bb6 41. e4 dxe4+ 42. fxe4 Rd7+ 43. Kc2 {1-0 Smietanska,W (2070)-Kampmann,H (2160) Titled Tuesday intern op 08th Oct Early Chess.com INT blitz 2024 (11)}) 14. O-O Kg7 15. a3 a5 16. b3 Rhe8 17. Rfc1 Ra7 18. Na4 Bf5 19. Bf3 Kh6 20. Nb2 Ra6 21. Nc3 {[%cal Be2c3,Bc3a4,Ba4c5,Bc5d3,Bd3f4][%mdl 32]} Ra7 22. Kg2 Bg6 23. Be2 Rea8 24. Nd3 Bf5 25. Na4 Be4+ 26. Kf1 Bf5 27. Nac5 Nb6 28. Nb2 {[%cal Bd3b2,Bb2a4,Ba4c3][%mdl 32]} Be7 29. Nba4 Nc8 30. Nd3 Nd6 31. Nc3 Bg6 32. Nf4 Ne8 33. Na4 Nd6 34. Nc5 Ne8 35. Ra2 Bd6 36. Nfd3 Be7 37. Na4 Nd6 38. Nf4 Ne8 39. Nb6 {[%cal Of4d5]} Rd8 40. Nd3 Nd6 41. Nf4 Re8 42. Kg1 {[%cal Bf1g1,Bg1h2,Bh2g2][%mdl 32]} Bd8 43. Na4 Be7 44. Bf1 Bf5 45. Nc5 Rea8 46. Kh2 Ne8 47. Na4 Nd6 48. Nc3 Ne8 {[%cal Bd6e8,Be8f6,Bf6e4][%mdl 32]} 49. Bd3 Bxd3 50. Nxd3 f5 51. Kg2 Nf6 52. Na4 Bd6 53. Nac5 Kg7 54. Rcc2 Ne4 55. Na4 Nf6 56. Nc3 Ne4 57. Ne2 Nf6 58. Nb2 Ne4 59. Na4 Nf6 60. Nac3 Ne4 61. Kf3 Nf6 62. Nf4 Kh6 63. Nd3 Ne4 64. Ne2 Kg7 65. Rc1 Nf6 66. Kg2 Ne4 67. Ne1 Nf6 68. Rd1 Ne4 69. Rd3 Nf6 70. Nc2 Ne4 71. Rb2 Ra6 72. Kf1 Nf6 73. Ra2 Ne4 74. Kg2 R6a7 75. Ne1 Nf6 76. Nf3 Ne4 77. Nd2 Nf6 78. Nb1 Ne4 79. Rb2 Ra6 80. Rd1 Rb6 81. Rc1 Rba6 82. Nec3 Rb6 83. Na4 Rba6 84. Nac3 Rb6 1/2-1/2